| 000 | 00633nam a2200205 a 4500 | ||
|---|---|---|---|
| 001 | 624 | ||
| 003 | CDMR | ||
| 005 | 20131129100513.0 | ||
| 008 | 130130s1978||||||||||||||||||||||||||||d | ||
| 020 | _a9684290152 | ||
| 040 |
_aCDMR _bcat _cCDMR |
||
| 245 | 0 | 0 |
_aCultura, comunicación de masas y lucha de clases _c[Lutzemberg, Bernardi, Baldelli y otros] |
| 260 |
_aRoma _c1978 _bNueva Imagen |
||
| 300 | _a277 p. | ||
| 650 | 0 | 4 |
_93211 _aComunicació i cultura |
| 650 | 0 | 4 |
_94412 _aPolítica cultural |
| 650 | 0 | 4 |
_93820 _aConflictes socials en els mitjans de comunicació de massa |
| 700 | 1 |
_9474 _aLutzemberger, Maria G. |
|
| 942 |
_cMON _2udc |
||
| 999 |
_c624 _d624 |
||